| 000 | 01050nam a2200313 a 4500 | ||
|---|---|---|---|
| 001 | 000110235 | ||
| 003 | CHAP | ||
| 005 | 20220329144123.0 | ||
| 008 | 140805s1985 mx |r| ||||||spa d | ||
| 010 | _a106697 | ||
| 011 | _a107669 | ||
| 020 | _a9688220582 | ||
| 040 | _cCHAP | ||
| 082 | 0 | 4 |
_a863 _bS81 |
| 100 | 1 |
_aSteele, Cynthia _9127681 |
|
| 245 | 1 | 0 |
_aNarrativa indigenista en los Estados Unidos y México / _cpor Cynthia Steele. |
| 260 |
_aMéxico, D. F. : _bInstituto Nacional Indigenista, _c1985. |
||
| 490 | 0 |
_aSerie de investigaciones sociales _v15 |
|
| 590 |
_aBATCH-UPD _b05 _c20140805 _lUCH01 _h1002 |
||
| 590 |
_aE5765TAJ _b05 _c20140805 _lUCH01 _h1001 |
||
| 650 | 1 | 4 |
_aLiteratura estadounidense _xAutores indígenas. _9127683 |
| 650 | 1 | 4 |
_aLiteratura mexicana _xAutores indígenas. _9127682 |
| 650 | 1 | 4 |
_aNovela estadounidense _xHistoria y crítica. _9127685 |
| 650 | 1 | 4 |
_aNovela mexicacna _xHistoria y crítica. _9127684 |
| 830 | 0 |
_aSerie de investigaciones sociales _v15 _9104743 |
|
| 901 | _aBK | ||
| 942 | _cLIBRO | ||
| 942 | _n0 | ||
| 999 |
_c106697 _d106697 |
||